Quizzes
Events
Quiz Creation
Community
Videos
Private Events
Remove Ads
Sign In
Join for FREE
Feedback
Dark Mode
Quiz Categories
Sports
Geography
Music
Movies
Television
Just For Fun
Miscellaneous
History
Literature
Language
Science
Gaming
Entertainment
Religion
Holiday
For Kids
Quiz Lab
Recent
Popular Today
Quiz Kudos Today
Editor Picks
Curator Picks
Quizzes by...
Day
Popularity
Type
Ratings
Length
Year
Community
Subscriptions
Recent Discussions
Orange Saloon
Badges
Playlists
Quests
Create
Leaderboards
Showdown
Live 5
Trivia Bingo
Activity
Puzzle Library
Sporcle Events
Private Events
Virtual Trivia
Globe League
Become a Host
Pub Owners
SporcleCon
Opinionation
Our Games
Videos
Blog
Mobile Apps
Partnerships
Remove Ads and Go Orange
Feedback
Gaming
Video Games
Board Games
Card Games
Pokémon
Mario
Nintendo
Minecraft
Console
Toys
Legend of Zelda
Gaming
Video Games
Board Games
Card Games
Pokémon
Mario
Nintendo
Minecraft
Console
Toys
Legend of Zelda
Random Quiz
Search Sporcle
×
Quiz Lab
Quiz Lab
Gaming
Color
Type in answers that appear in a list
Type in answers that appear in a list
Classic
Best Score? Go Orange.
Tengaged Color Levels Stats
Can you name the Tengaged Color Levels?
By
flyersdt53
3m
13 Questions
203 Plays
203 Plays
203 Plays
Comments
Comments
Give Quiz Kudos
Give Quiz Kudos
-
- Ratings
hide this ad
Replay
Link that replays current quiz
Next Quiz
Link to next quiz in quiz playlist
You Got
0%
They Got
Avg Score
89%
Avg Friend Score
Upgrade to see
Score Distribution
Jump to the score distribution portion of the page
Score
0/13
Timer
03:00
0
Plays Today
Can you name all the tengaged color leve
% Correct
yellow
99%
white
97.5%
orange
97%
green
97%
black
95.6%
red
94.6%
blue
94.1%
purple
92.1%
brown
90.6%
light green
84.2%
blood
74.9%
tv star
72.4%
sky
70%
Quiz Playlist
Details
Report
Send in Message
Add To Playlist
Classic:
Type in answers that appear in a list
Last Updated: Feb 16, 2017
Quiz Scoreboard
CHALLENGE
Sign Up to Join the Scoreboard
Show All
Scores
Hide
Comments
May contain spoilers
Recently Published
Billboard Blitz: Fleetwood Mac
by CooCooCachoo
Music
15s
Presidents Visiting Landmarks
by Hejman
History
7m
An Introduction to Baseball
by treessimontrees
Sports
5m
More to Explore
Quiz From the Vault
Featured Blog Post
Where Did the Easter Bunny Come From?
hide this ad
You Might Also Like...
Tags
Color Quiz
Level
Tengaged
Today's Top Quizzes in Gaming
Browse Gaming
hide this ad
Today's Top Quizzes in Color
Browse Color
Top Contributed Quizzes in Gaming
1
5-to-1: Consoles
2
5-to-1: Legend of Zelda
3
7-to-1: Board Game Piece Blitz
4
Destiny 2 exotic weapons by perk icons
5
Ultimate Genshin Impact Logic Puzzle (up to 4.3)
6
Franchise by Action Figure
7
Genshin Impact Logic Puzzle Quiz
8
Who's on the WWE 2K24 Cover?
9
Overwatch Logic Puzzle
10
League of Legends Pro Players by Career/Team History
Explore More
Trending Topics
NBA
Disney
Crossword
Anime
Harry Potter
Kpop
Marvel
Soccer
Country
NFL
The Office
Puzzle
Song
WWE
Pokémon
hide this ad
More By:
flyersdt53
Quiz
Plays
Rating
Category
Featured
Created
Tengaged Color Levels
203
3.00
Gaming
Jul 26, 2010
Go to Creator's Profile
Score Distribution
Quiz Creator Spotlight
flyersdt53
Follow
Send a Message
Quizzes Created
-
Created Quiz Play Count
-
More By This Creator
Popular Quizzes Today
1
Find the US States - No Outlines Minefield
2
Find the Countries of Europe - No Outlines Minefield
3
The Countries of the World
4
Find the US States
5
Popular People in 1961
6
US States
7
Risky Map Clicking: Biggest States A-Z
8
Movies - When Are They Set?
More Gaming Quizzes
Put Pokémon Together
Published
Trending Quizzes
Risky Map Clicking: Least Populous States A-Z
1-10 Letter G Words
1-10 Letter F Words
Risky Map Clicking: Next State Alphabetically
'A' Boys' Names Grid
Recently Updated
Leaping Animals
pecheneg
Reality TV Shows (A-Z)
bhenderson79
Rickey Henderson's Hall of Fame Teammates
pecheneg
Champions League XIs: Arsenal
pecheneg
Quick Pick: Celebrities in WWE's Hall of Fame
aduchscher
A-Z Keypad Blitz II
pecheneg
Multiple Oscar Actors
pecheneg
Mystery Phrase Blitz: Oscar 'Best Actors'
pecheneg
F. Scott Fitzgerald Novels
LTH
Pick 3 Villains
ddd62291
Trending Topics
Anime
Harry Potter
NBA
Crossword
Marvel
Disney
Kpop
Song
NFL
Soccer
Country
The Office
WWE
Pokémon
Puzzle
Your Account Isn't Verified!
In order to create a playlist on Sporcle, you need to verify the email address you used during registration. Go to your
Sporcle Settings
to finish the process.
Report this User
Report this user for behavior that violates our
Community Guidelines
.
Details:
Send Report
Go to the Sporcle.com Mobile Site →
Comments